000 00275nam a2200121Ia 4500
008 190216s9999||||xx |||||||||||||| ||und||
100 _aGuruswamy
245 0 _aEssentials Of Financial Services
260 _bVijay Nicoles
300 _a408
650 _aCommerce
942 _cBK
999 _c7305
_d7305